<?xml version="1.0" encoding="UTF-8"?><?xml-stylesheet type="text/xsl" href="static/style.xsl"?><OAI-PMH xmlns="http://www.openarchives.org/OAI/2.0/" xmlns:xsi="http://www.w3.org/2001/XMLSchema-instance" xsi:schemaLocation="http://www.openarchives.org/OAI/2.0/ http://www.openarchives.org/OAI/2.0/OAI-PMH.xsd"><responseDate>2026-04-18T03:01:10Z</responseDate><request verb="GetRecord" identifier="oai:www.recercat.cat:20.500.12327/1528" metadataPrefix="marc">https://recercat.cat/oai/request</request><GetRecord><record><header><identifier>oai:recercat.cat:20.500.12327/1528</identifier><datestamp>2025-10-22T11:03:12Z</datestamp><setSpec>com_2072_4428</setSpec><setSpec>com_2072_4427</setSpec><setSpec>col_2072_487898</setSpec></header><metadata><record xmlns="http://www.loc.gov/MARC21/slim" xmlns:dcterms="http://purl.org/dc/terms/" xmlns:xsi="http://www.w3.org/2001/XMLSchema-instance" xmlns:doc="http://www.lyncode.com/xoai" xsi:schemaLocation="http://www.loc.gov/MARC21/slim http://www.loc.gov/standards/marcxml/schema/MARC21slim.xsd">
   <leader>00925njm 22002777a 4500</leader>
   <datafield ind2=" " ind1=" " tag="042">
      <subfield code="a">dc</subfield>
   </datafield>
   <datafield ind2=" " ind1=" " tag="720">
      <subfield code="a">Boukid, Fatma</subfield>
      <subfield code="e">author</subfield>
   </datafield>
   <datafield ind2=" " ind1=" " tag="260">
      <subfield code="c">2021-12-08</subfield>
   </datafield>
   <datafield ind2=" " ind1=" " tag="520">
      <subfield code="a">Peanut (Arachis hypogaea L.) is the fourth important oilseed in the world. After oil extraction, defatted peanut is a protein-rich by-product containing around 50% of protein that can enable the production of protein isolates (90% protein) and concentrates (70% protein). Peanut protein has an excellent amino acid profile, a desirable volatile profile, a low level of antinutritional factors and a steady supply. Despite these advantages, peanut protein is underutilised because of its poor functional properties caused by the native globular structure and extraction conditions. Nutritional limitations are its deficiency in methionine and lysine and its association with allergic reaction for genetically predisposed subjects. To promote the valorisation of peanut protein in foods, it is very important to ensure a better functionality and a better nutritional value. This review intends to cover the properties of native peanut protein and to discuss innovative strategies including physical, chemical, and biological methods to improve the functionality and to mitigate allergens. These strategies have different degree of success in terms of protein quality and functionality, yield, sustainability and convenience. More investigation is required to select the processing or the combination of processing to boost the application of peanut protein as a valid alternative protein.</subfield>
   </datafield>
   <datafield ind1="8" ind2=" " tag="024">
      <subfield code="a">Boukid, Fatma. 2021. "Peanut Protein – An Underutilised By‐Product With Great Potential: A Review". International Journal Of Food Science &amp; Technology. doi:10.1111/ijfs.15495.</subfield>
   </datafield>
   <datafield ind1="8" ind2=" " tag="024">
      <subfield code="a">0950-5423</subfield>
   </datafield>
   <datafield ind1="8" ind2=" " tag="024">
      <subfield code="a">http://hdl.handle.net/20.500.12327/1528</subfield>
   </datafield>
   <datafield ind1="8" ind2=" " tag="024">
      <subfield code="a">https://doi.org/10.1111/ijfs.15495</subfield>
   </datafield>
   <datafield ind2="0" ind1="0" tag="245">
      <subfield code="a">Peanut protein – an underutilised by-product with great potential: a review</subfield>
   </datafield>
</record></metadata></record></GetRecord></OAI-PMH>